| 000 | 01537nam a2200373 c 4500 | ||
|---|---|---|---|
| 001 | 21963 | ||
| 003 | ES-MaCES | ||
| 005 | 20141221122746.0 | ||
| 008 | 090309s2008 sp d o100 | spa d | ||
| 017 |
_aBI 2280-2008 _bDL |
||
| 020 | _a9788484173090 | ||
| 024 | 7 |
_a790-08-066-3 _2nipo |
|
| 035 | _aCES20090002765m | ||
| 040 |
_aES-MaCES _bspa _cES-MaCES |
||
| 245 | 0 | 3 |
_aEl tiempo de trabajo en la negociación colectiva _ccoordinador, José María Goerlich Peset ; autores, José María Goerlich Peset ... [et al.] |
| 260 |
_aMadrid _bMinisterio de Trabajo e Inmigración, Subdirección General de Información Administrativa y Publicaciones _c[2008] |
||
| 300 |
_a491 p. _bgráf. bl. y n. _c22 cm |
||
| 490 | 1 |
_aColección Informes y estudios. Serie Relaciones laborales _v86 |
|
| 541 | _cGratuito | ||
| 650 | 4 |
_ahoras de trabajo _928335 |
|
| 650 | 4 |
_aordenamiento del tiempo de trabajo _929205 |
|
| 650 | 4 |
_anegociación colectiva _928362 |
|
| 650 | 4 |
_acondiciones de trabajo _928327 |
|
| 650 | 4 |
_acondiciones de empleo _930040 |
|
| 650 | 4 |
_aEspaña _926964 |
|
| 653 | 1 | 0 | _aRelaciones laborales-Empleo |
| 700 | 1 |
_aGoerlich Peset, José María _913524 |
|
| 700 | 1 |
_aGoerlich Peset, José María _ecol. _913524 |
|
| 710 | 1 |
_aEspaña _bMinisterio de Trabajo e Inmigración _eed. _93272 |
|
| 830 | 0 |
_aColección Informes y estudios (España. Ministerio de Trabajo e Inmigración) _pSerie Relaciones laborales _v86 _934424 |
|
| 902 | _aLIB Libro | ||
| 942 |
_2CES _cBK _h2.0. |
||
| 999 |
_c21963 _d21963 |
||